| 000 | 00542nam a2200181Ia 4500 | ||
|---|---|---|---|
| 001 | 21180 | ||
| 005 | 20260306172900.0 | ||
| 008 | 260306t2009||||xx |||||||||||||| ||spa|| | ||
| 041 | _aESP | ||
| 082 |
_a344J _bG12 |
||
| 100 |
_aEsquivel Oviedo, Juan Carlos (Dir) _eAUT |
||
| 245 | 0 |
_aJurisprudencia penal de la corte superior (2006-2008): _búltimos precedentes en materia penal, procesal penal y de ejecución penal |
|
| 260 | _c2009 | ||
| 300 |
_a702 páginas : _c25 cm. |
||
| 650 | _aGEN | ||
| 654 | _aCDE | ||
| 942 |
_cLIB _dJUS _fJUS _2ddc _n |
||
| 999 |
_c21180 _d21180 |
||